000 00801nam a2200205 i 4500
001 171245
003 ES-MaACL
005 20250803105142.0
008 090506s1963 sp |||| | spa d
100 0 _aHaas, Adolf.
_961353
245 1 0 _aOrigen de la vida y del hombre /
_cedición original dirigida por Adolf Haas ; traducida al castellano por Fermín Lator ; edición española preparada por Bermudo Meléndez.
260 _aMadrid :
_bLa Editorial Católica,
_c1963.
300 _aXXVIII, 552 p., [17] p. de lám., gráf. :
_bil. ;
_c20 cm.
650 0 4 _aHombre-
_xOrigen.
_913452
650 0 7 _aBiogénesis
_2embne
_910571
700 1 _aLator, Fermín.
_9140043
700 1 _aMeléndez, Bermudo,
_d1912-1999
_979905
852 _aES-MaACL
_jJ-226
_9R.46092
999 _c171245
_d171245